Una aproximación a las grandes "cartas" medievales : (a ocho siglos de la "Magna Carta" inglesa) /

Guardado en:
Autor Principal: Rabinovich-Berkman, Ricardo D.
Otros Autores: Ferreyra, Ricardo Gustavo., (prol.)
Formato: Libro
Idioma:Spanish
Publicado: Ciudad Autónoma de Buenos Aires : La Ley; Departamento de publicaciones UBA, 2017.
Edición:1a. ed.
Series:Colección Facultad de Derecho - Ciencias Sociales
Materias:
Etiquetas: Agregar Etiqueta
Sin Etiquetas, Sea el primero en etiquetar este registro!
LEADER 00793nam a22002055a 4500
001 DER.der013327
008 180615s2017####ag#||||||||||||||#||spa||
005 20240208121918.0
245 1 0 |a Una aproximación a las grandes "cartas" medievales :  |b (a ocho siglos de la "Magna Carta" inglesa) /  |c Ricardo D. Rabinovich-Berkman. 
250 |a 1a. ed. 
260 |a Ciudad Autónoma de Buenos Aires :  |b La Ley; Departamento de publicaciones UBA,  |c 2017. 
300 |a 125 p. 
020 |a 9789870332060 
100 1 |a Rabinovich-Berkman, Ricardo D. 
700 1 |a Ferreyra, Ricardo Gustavo.,  |e prol. 
830 0 |a Colección Facultad de Derecho - Ciencias Sociales 
650 7 |a CARTA MAGNA LEONESA 
650 7 |a PARLAMENTARISMO 
650 7 |a DERECHOS FUNDAMENTALES 
859 |a DERECHO  |b BIB. DERECHO  |h 340.09  |i RAB  |p 008261